Zadávací řád staveb.

Zadávací poriadok stavieb je nové opatrenie, ktoré má slúžiť podnikateľskej sfére. Je vydaný federálnym ministerstvom hospodárstva v dohode s ministrom priemyslu ČSR a ministerstvom výstavby a stavebníctva SR. Upravuje spôsoby zadávania, súťažné podmienky i priebeh súťaže.

Guardado en:
Detalles Bibliográficos
Formato: Capítulo de libro
Lenguaje:checo
Materias:
Etiquetas: Agregar Etiqueta
Sin Etiquetas, Sea el primero en etiquetar este registro!

MARC

LEADER 00000naa a2200000 4500
001 r005201
005 20221125080324.0
041 0 |a cze 
044 |a [CS] 
245 1 0 |a Zadávací řád staveb. 
520 |a Zadávací poriadok stavieb je nové opatrenie, ktoré má slúžiť podnikateľskej sfére. Je vydaný federálnym ministerstvom hospodárstva v dohode s ministrom priemyslu ČSR a ministerstvom výstavby a stavebníctva SR. Upravuje spôsoby zadávania, súťažné podmienky i priebeh súťaže. 
610 2 0 |a súťaž verejná 
610 2 0 |a stavby 
610 2 0 |a ČSFR